[Event "AUT-ch U10"]
[Site "Feldkirchen"]
[Date "1998.??.??"]
[Round "1"]
[White "Egger, Christian"]
[Black "Stoiber, Philipp"]
[Result "1/2-1/2"]
[WhiteElo "1200"]
[BlackElo "1376"]
[PlyCount "41"]
[EventDate "1998.05.30"]
[EventType "swiss"]
[EventRounds "7"]
[EventCountry "AUT"]
[SourceTitle "EXT 2000"]
[Source "ChessBase"]
[SourceDate "1999.11.16"]
[SourceVersion "1"]
[SourceVersionDate "1999.11.16"]
[SourceQuality "1"]

1. e4 e5 2. Nf3 Nc6 3. Bb5 d6 4. 0-0 Nf6 5. Re1 Bd7 6. c3 a6 7. Ba4 Be7 8. d4 Bg4 9. d5 b5 10. Bc2 Na5 11. Bg5 Nc4 12. b3 Nb6 13. Nbd2 h6 14. Bxf6 Bxf6 15. h3 Bh5 16. c4 Bg5 17. g4 Bg6 18. Nxg5 Qxg5 19. cxb5 axb5 20. Re3 Nd7 21. Nf3 1/2-1/2

[Event "AUT-ch U10"]
[Site "Feldkirchen"]
[Date "1998.??.??"]
[Round "5"]
[White "Stadler, Daniel"]
[Black "Stoiber, Philipp"]
[Result "1-0"]
[WhiteElo "1279"]
[BlackElo "1376"]
[PlyCount "147"]
[EventDate "1998.05.30"]
[EventType "swiss"]
[EventRounds "7"]
[EventCountry "AUT"]
[SourceTitle "EXT 2000"]
[Source "ChessBase"]
[SourceDate "1999.11.16"]
[SourceVersion "1"]
[SourceVersionDate "1999.11.16"]
[SourceQuality "1"]

1. e4 c5 2. d4 cxd4 3. c3 dxc3 4. Nxc3 Nc6 5. Nf3 Nf6 6. Bb5 d6 7. 0-0 g6 8. Nd4 Bd7 9. Nxc6 bxc6 10. Ba4 Bg7 11. Bf4 0-0 12. e5 dxe5 13. Bxe5 Ne8 14. Bxg7 Nxg7 15. Re1 e6 16. Qd2 Qc7 17. Rad1 Rad8 18. Ne4 f5 19. Qd6 Ne8 20. Qxc7 Nxc7 21. Nd6 c5 22. Bxd7 Rxd7 23. Nb7 Rxd1 24. Rxd1 Na6 25. Rd6 Rb8 26. Rd8+ Rxd8 27. Nxd8 Nc7 28. Nc6 a6 29. Kf1 Kf7 30. Ke2 Ke8 31. Kd3 Kf7 32. Kc4 Kf6 33. Kxc5 h5 34. Kb6 Nd5+ 35. Kxa6 Nf4 36. g3 Nd3 37. b4 Nxf2 38. b5 Nd3 39. b6 e5 40. b7 Nc5+ 41. Ka7 Nxb7 42. Kxb7 f4 43. Nxe5 Kxe5 44. gxf4+ Kxf4 45. a4 g5 46. a5 g4 47. a6 h4 48. a7 g3 49. hxg3+ hxg3 50. a8Q g2 51. Qf8+ Kg3 52. Qg7+ Kf2 53. Qf6+ Ke1 54. Qe5+ Kf1 55. Qa1+ Kf2 56. Qd4+ Kf1 57. Qf4+ Ke1 58. Qh2 Kf1 59. Qh3 Kf2 60. Qh2 Kf1 61. Qf4+ Ke1 62. Qe3+ Kf1 63. Qf3+ Kg1 64. Kc6 Kh2 65. Qh5+ Kg3 66. Qg5+ Kf2 67. Qf4+ Ke2 68. Qe4+ Kf2 69. Qf4+ Ke2 70. Qg3 Kf1 71. Qf3+ Kg1 72. Kd5 Kh2 73. Qf2 Kh1 74. Qh4+ 1-0